|
|
|
|
| LEADER |
01251nam a2200265 a 4500 |
| 001 |
GR-Antirio853 |
| 008 |
090529s2005 mau b 000 0 gre d |
| 020 |
|
|
|a 0262693143
|
| 040 |
|
|
|a GrPaTEI
|b gre
|c GR-PaULI
|
| 040 |
|
|
|a GrPaTEI
|b gre
|c GR-PaULI
|
| 040 |
|
|
|a GrPaTEI
|b gre
|c GR-PaULI
|
| 082 |
|
0 |
|a 005.74
|2 21
|
| 100 |
0 |
|
|a Hellerstein, Joseph M.
|
| 245 |
1 |
0 |
|a Readings in database systems /
|c edited by : Hellerstein, Joseph and Stonebraker, Michael.
|
| 250 |
|
|
|a 4th ed.
|
| 260 |
|
|
|a Cambridge, Mass.:
|b MIT Press,
|c c 2005
|
| 300 |
|
|
|a xi. , 865 σ. :
|b εικ. ;
|c 28 εκ.
|
| 504 |
|
|
|a Περιλαμβάνει βιβλιογραφικές παραπομπές.
|
| 650 |
|
0 |
|a Database management
|
| 700 |
0 |
|
|a Stonebraker, Michael
|
| 942 |
|
|
|2 ddc
|
| 952 |
|
|
|0 0
|1 0
|2 ddc
|4 0
|6 005_740000000000000_HEL
|7 0
|9 262335
|a LISK-2
|b LISK-2
|c BSC
|d 2021-01-17
|e 24
|f 0
|g 0.00
|l 0
|o 005.74 HEL
|p 2430000007366
|r 2021-01-17 00:00:00
|t 1
|w 2021-01-17
|y BK15
|x 20090529 0 1
|x GrPaTEI - Antirrio
|
| 952 |
|
|
|0 0
|1 0
|2 ddc
|4 0
|6 005_740000000000000_HEL
|7 0
|9 262336
|a LISK-2
|b LISK-2
|c BSC
|d 2021-01-17
|e 24
|f 0
|g 0.00
|l 0
|o 005.74 HEL
|p 2430000007367
|r 2021-01-17 00:00:00
|t 1
|w 2021-01-17
|y BK15
|x 20090529 0 1
|x GrPaTEI - Antirrio
|
| 971 |
|
|
|a .b25706524
|b 01-10-20
|c 12-09-16
|
| 999 |
|
|
|c 151279
|d 151279
|